000 01248nam a2200313 4500
001 0000015479
003 CO-CtgCURN
005 20250506154221.0
007 ta
008 160627s1994 000 0 eng d
020 _a8448701623
040 _aCO-CtgCURN
_bspa
_ccoctgcurn
082 0 _a320.15
_bH61L
100 1 _aHobbes, Thomas.
245 1 0 _aLeviatan :
_bParte (II) /
_cThomas Hobbes , Traducción, prologo y notas carlos Mellizo.
260 _aBarcelona :
_bEdiciones Altaya,
_c1994.
300 _a550 p.
336 _2rdacontent
337 _2rdamedia
_asin mediacion
_bn
338 _2rdacarrier
_avolumen
_bnc
490 1 _aGrandes obras del pensamiento ;
_v43
500 _aIncluye Repaso y conclusion\Titulo original. : Leviathan : Or the Matter, From and Power of a Commonwealth Ecclesiastical and civil.
505 8 _aDe un estado cristiano.--De los principios de la política cristiana.--Del significado de reino de Dios santo, sagrado y sacramento en la escritura.--De la palabra de Dios y los profetas
650 1 4 _aCiencia política
_vTeorias.
700 1 _aMellizo, Carlos., tr.
908 _a160627
942 _cBK
_h320.15
_iH61L
_2ddc
_n0
999 _c17888
_d17888